000 00528nam a2200193Ia 4500
005 20260120130918.0
008 008 260114s9999 xx 000 0 eng d
020 _a9780199081448
037 _aEBOOK
040 _aCRL
_beng
_cCRL
041 _aeng
_2eng
084 _qCRL
100 _aNandy
_9920712
245 3 _aAn Ambiguous Journey to the City
260 _bOxford University PressOxford University Press
_c2012
856 _uhttps://academic.oup.com/book/10269
942 _cEBOOK
999 _c1512621
_d1512621